[Event "Provincial-ch Burjassot Preferente"]
[Site "Valencia"]
[Date "2011.11.19"]
[Round "6"]
[White "Garcia Martinez, Cesar Manuel"]
[Black "Poveda Cano, Luis"]
[Result "1-0"]
[WhiteElo "1997"]
[BlackElo "1875"]
[PlyCount "47"]
[EventDate "2011.10.01"]
[EventType "swiss"]
[EventRounds "7"]
[EventCountry "ESP"]
[SourceTitle "EXT 2024"]
[Source "ChessBase"]
[SourceDate "2023.10.10"]
[SourceVersion "1"]
[SourceVersionDate "2023.10.10"]
[SourceQuality "1"]

1. e4 c5 2. Nf3 d6 3. d4 cxd4 4. Nxd4 Nf6 5. Nc3 g6 6. Be3 Bg7 7. f3 0-0 8. Bc4 Nc6 9. Qd2 Bd7 10. 0-0-0 Rc8 11. Bb3 Ne5 12. h4 h5 13. g4 hxg4 14. h5 Nxh5 15. Bh6 e6 16. Bxg7 Kxg7 17. f4 Nf3 18. Nxf3 gxf3 19. Qe3 Qf6 20. f5 Rxc3 21. bxc3 exf5 22. e5 Qe7 23. Rxd6 Re8 24. Rxh5 1-0

[Event "Mislata op-C 45th"]
[Site "Mislata"]
[Date "2011.08.16"]
[Round "3"]
[White "Poveda Cano, Luis"]
[Black "Ribera Cebolla, Marc"]
[Result "0-1"]
[WhiteElo "1892"]
[BlackElo "1726"]
[PlyCount "67"]
[EventDate "2011.08.15"]
[EventType "swiss"]
[EventRounds "9"]
[EventCountry "ESP"]
[SourceTitle "EXT 2014"]
[Source "ChessBase"]
[SourceDate "2013.11.20"]
[SourceVersion "1"]
[SourceVersionDate "2013.11.20"]
[SourceQuality "1"]

1. d4 Nf6 2. Nf3 c5 3. c4 cxd4 4. Nxd4 d6 5. Nc3 a6 6. e4 b6 7. Be2 Bb7 8. f3 e6 9. Bg5 Be7 10. 0-0 0-0 11. Qc2 Nbd7 12. f4 h6 13. Bh4 Qc7 14. Rfd1 Rac8 15. Rac1 Rfe8 16. a3 Nf8 17. Bf2 Ng6 18. Bg3 e5 19. fxe5 dxe5 20. Nf5 Bc5+ 21. Kh1 Nf4 22. Bf1 N6h5 23. b4 Bf8 24. Bf2 Nf6 25. Ne3 Red8 26. Rxd8 Rxd8 27. Ncd5 N4xd5 28. exd5 Rc8 29. Qd3 Bd6 30. Nf5 e4 31. Qd4 Be5 32. Qxb6 Nxd5 33. Qc5 Qd7 34. Qa7 0-1

[Event "Mislata op-C 45th"]
[Site "Mislata"]
[Date "2011.08.16"]
[Round "2"]
[White "Salcedo Adelantado, Gabriel"]
[Black "Poveda Cano, Luis"]
[Result "0-1"]
[WhiteElo "1690"]
[BlackElo "1892"]
[PlyCount "56"]
[EventDate "2011.08.15"]
[EventType "swiss"]
[EventRounds "9"]
[EventCountry "ESP"]
[SourceTitle "EXT 2014"]
[Source "ChessBase"]
[SourceDate "2013.11.20"]
[SourceVersion "1"]
[SourceVersionDate "2013.11.20"]
[SourceQuality "1"]

1. e4 c5 2. Nf3 d6 3. Bc4 Nc6 4. d4 cxd4 5. Nxd4 Nf6 6. Nc3 Qb6 7. Nxc6 bxc6 8. Bb3 Ba6 9. Be3 Qc7 10. Qf3 e6 11. 0-0-0 Be7 12. g4 Nd7 13. Qg3 Qa5 14. Rd4 Nc5 15. Ba4 Bb5 16. b4 Qa6 17. bxc5 dxc5 18. Bxb5 cxb5 19. Rdd1 Qa3+ 20. Kb1 Qxc3 21. Rd3 Qa5 22. Rhd1 0-0 23. Rd7 c4 24. Bd2 Bb4 25. c3 Qa4 26. Qf3 Ba3 27. Rb7 Rad8 28. Rf1 Rxd2 0-1

[Event "Provincial-ch Valencia Primera"]
[Site "Valencia"]
[Date "2010.11.13"]
[Round "5"]
[White "Wahieb Hussein, Faisal"]
[Black "Poveda Cano, Luis"]
[Result "0-1"]
[WhiteElo "1806"]
[BlackElo "1811"]
[PlyCount "76"]
[EventDate "2010.10.02"]
[EventType "swiss"]
[EventRounds "7"]
[EventCountry "ESP"]
[SourceTitle "EXT 2024"]
[Source "ChessBase"]
[SourceDate "2023.10.10"]
[SourceVersion "1"]
[SourceVersionDate "2023.10.10"]
[SourceQuality "1"]

1. d4 Nf6 2. Nf3 e6 3. c4 b6 4. Nc3 Bb7 5. Bg5 Be7 6. e3 0-0 7. Bd3 h6 8. Bh4 Na6 9. Rc1 c5 10. 0-0 Nh5 11. Bxe7 Qxe7 12. d5 e5 13. Be4 d6 14. Nd2 Nf6 15. Bb1 Bc8 16. e4 Nc7 17. Bd3 a6 18. Ne2 Nce8 19. f4 Ng4 20. Rf3 exf4 21. Nxf4 Ne5 22. Rg3 Nxd3 23. Nxd3 Nf6 24. Qe1 Re8 25. h3 Nh5 26. Re3 f5 27. e5 f4 28. Re4 Bf5 29. exd6 Qd7 30. Rxe8+ Rxe8 31. Qf1 Ng3 32. Qf3 Bxd3 33. Qxd3 Ne2+ 34. Kh1 Nxc1 35. Qg6 Qf7 36. Qg4 Nd3 37. Kh2 Ne5 38. Qh4 f3 0-1

[Event "Provincial-ch Valencia Primera"]
[Site "Valencia"]
[Date "2010.11.06"]
[Round "4"]
[White "Poveda Cano, Luis"]
[Black "Morales Gimenez, Juan Carlos"]
[Result "1-0"]
[WhiteElo "1811"]
[BlackElo "1676"]
[PlyCount "43"]
[EventDate "2010.10.02"]
[EventType "swiss"]
[EventRounds "7"]
[EventCountry "ESP"]
[SourceTitle "EXT 2024"]
[Source "ChessBase"]
[SourceDate "2023.10.10"]
[SourceVersion "1"]
[SourceVersionDate "2023.10.10"]
[SourceQuality "1"]

1. e4 Nf6 2. Nc3 d6 3. f4 e6 4. Nf3 Nbd7 5. d4 c5 6. Be3 Ng4 7. Bd2 cxd4 8. Nxd4 Qb6 9. Qxg4 Qxd4 10. 0-0-0 a6 11. Qf3 g6 12. Be3 Qb4 13. Bd4 e5 14. Nd5 Qa5 15. fxe5 dxe5 16. Bxe5 Nxe5 17. Qf6 Be6 18. Qxh8 0-0-0 19. Qxe5 Bd6 20. Qc3+ Qxc3 21. bxc3 f5 22. Bc4 1-0

[Event "Provincial-ch Valencia Primera"]
[Site "Valencia"]
[Date "2010.10.02"]
[Round "1"]
[White "Moya Garcia, Jose Virgilio"]
[Black "Poveda Cano, Luis"]
[Result "0-1"]
[WhiteElo "1637"]
[BlackElo "1811"]
[PlyCount "110"]
[EventDate "2010.10.02"]
[EventType "swiss"]
[EventRounds "7"]
[EventCountry "ESP"]
[SourceTitle "EXT 2024"]
[Source "ChessBase"]
[SourceDate "2023.10.10"]
[SourceVersion "1"]
[SourceVersionDate "2023.10.10"]
[SourceQuality "1"]

1. d4 Nf6 2. c4 e6 3. Nc3 Bb4 4. Bg5 c5 5. a3 Bxc3+ 6. bxc3 Qa5 7. Bd2 Ne4 8. Qc2 Nxd2 9. Qxd2 cxd4 10. cxd4 Qxd2+ 11. Kxd2 b6 12. e4 Nc6 13. Nf3 0-0 14. d5 Na5 15. Kc3 Ba6 16. Kb4 Rac8 17. Rc1 Rc5 18. Ne5 Rd8 19. Nd3 Rxc4+ 20. Rxc4 Bxc4 21. Nb2 Bxf1 22. Rxf1 Rc8 23. Rd1 e5 24. Rd2 a6 25. g3 f6 26. f4 Kf7 27. fxe5 fxe5 28. Rf2+ Ke7 29. a4 Rc5 30. Rd2 d6 31. Rf2 Rc7 32. h3 g6 33. Rd2 Kf7 34. Rf2+ Kg7 35. h4 h5 36. Rd2 g5 37. hxg5 Kg6 38. Rf2 Kxg5 39. Rf5+ Kg4 40. Rf6 Nb7 41. Rg6+ Kf3 42. Nc4 Kxe4 43. Nxb6 Kd4 44. a5 Rc5 45. Na4 Rb5+ 46. Ka3 Nxa5 47. g4 Nc4+ 48. Ka2 Rb4 49. gxh5 Rxa4+ 50. Kb3 Ra3+ 51. Kb4 Ra2 52. Rg4+ e4 53. Rh4 Rb2+ 54. Ka4 Kc3 55. Rh3+ e3 0-1